Cyclisme: vainqueurs des courses du calendrier World Tour 2020 - Statistiques

Statistiques générales
  • Ce quiz a été pris 366 fois
  • Le résultat moyen est 12 sur 21
Statistiques - réponses
Course Vainqueur % Correct
Tour de France Tadej Pogacar
99%
Liège-Bastogne-Liège Primoz Roglic
95%
Vuelta a España Primoz Roglic
95%
Benelux Tour Mathieu van der Poel
91%
Tour des Flandres Mathieu van der Poel
91%
Strade Bianche Wout van Aert
91%
Milano-Sanremo Wout van Aert
91%
UAE Tour Adam Yates
58%
Tirreno-Adriatico Simon Yates
58%
Tour de Pologne Remco Evenepoel
52%
Giro d'Italia Tao Geoghegan Hart
49%
La Fleche Wallonne Marc Hirschi
46%
Tour Down Under Richie Porte
46%
Paris-Nice Maximilian Schachmann
45%
Criterium Dauphine Daniel Martinez
43%
Tour de Lombardie Jakob Fuglsang
38%
Gent - Wevelgem Mads Pedersen
26%
Bretagne Classic Michael Matthews
22%
Omloop Het Nieuwsblad Jasper Stuyven
21%
Minerva Classic Brugge-De Panne Yves Lampaert
16%
Cadel Road Race Dries Devenyns
9%
Aucun quiz correspondant
Distribution des résultats
% des personnes avec chaque résultat
Percentile par nombre de réponses
Votre historique - résultats
Vous n’avez pas pris ce quiz